00277nam a2200097Ia 4500008004100000100002400041245004500065260004300110300000800153650001800161191201s2017 xx 000 0 und d aBADGUJJAR, Rajender 0aSaang Samrat Chanderlal Badi Garanthwali aN. DelhibHaryana Granth Academyc2017 a964 aGeneral Books